000 00235nam a22000857a 4500
008 160713b xxu||||| |||| 00| 0 eng d
100 _92818
_a Douglas, L.C
245 _aThe Big Fisherman
260 _aPhiladelphia
_b Coming Home to China
_c1948
999 _c2412
_d2412